Les meilleurs joueurs de CDM à chaque édition - Statistiques

Statistiques générales
  • Ce quiz a été pris 194 fois
  • Le résultat moyen est 8 sur 22
Statistiques - réponses
Edition Meilleur joueur % Correct
2022 Messi
100%
2014 Messi
100%
1998 Ronaldo
90%
2018 Modric
85%
2006 Zidane
82%
1958 Pelé
71%
1986 Maradona
58%
1966 Beckenbauer
34%
2010 Forlan
32%
2002 Kahn
25%
1962 Garrincha
23%
1994 Romario
23%
1954 Puskas
17%
1982 Rossi
16%
1978 Kempes
11%
1934 Meazza
4%
1990 Schillaci
3%
1970 Cubillas
2%
1930 Laurent
1%
1938 Leonidas
1%
1950 Zizinho
1%
1974 Zmuda
0%
Aucun quiz correspondant
Distribution des résultats
% des personnes avec chaque résultat
Percentile par nombre de réponses
Votre historique - résultats
Vous n’avez pas pris ce quiz